Países da América do Sul (Versão Click) - Statistics

Estatísticas Gerais
  • Esse quiz foi jogado 1 278 vezes
    1 262 desde o último reset
  • A pontuação média é 11 de 14
Respostas no mapa
Respostas codificadas por cores de uma escala verde-vermelha no mapa do quiz de acordo com a % correta abaixo.
 
Estatísticas das Respostas
Resposta % Correto
Argentina
96%
Brasil
96%
Chile
90%
Equador
80%
Bolívia
79%
Uruguai
76%
Paraguai
75%
Colômbia
72%
Peru
72%
Guiana Francesa
70%
Ilhas Falkland
69%
Venezuela
69%
Guiana
66%
Suriname
65%
Nenhum quiz correspondente encontrado
Distribuição das Pontuações
Porcentagem de Pessoas com Cada Pontuação
Percentil de Números Respondidos
Sua Pontuação Histórica
Você não jogou esse quiz desde o último reset